"Amor y humor del teatro" (Record no. 174446)
[ view plain ]
| 000 -LEADER | |
|---|---|
| campo de control de longitud fija | 00903nam a2200217 4500 |
| 001 - NÚMERO DE CONTROL | |
| campo de control | 174446 |
| 003 - IDENTIFICADOR DE NÚMERO DE CONTROL | |
| campo de control | ES-MaACL |
| 005 - FECHA Y HORA DE LA ÚLTIMA TRANSACCIÓN | |
| campo de control | 20230906215530.0 |
| 008 - DATOS DE LONGITUD FIJA--INFORMACIÓN GENERAL | |
| campo de control de longitud fija | 100422s1995 cl |||| | spa d |
| 100 1# - ENTRADA PRINCIPAL--NOMBRE DE PERSONA | |
| Nombre de persona | Mihovilovic, Domingo. |
| 9 (RLIN) | 142566 |
| 245 11 - MENCIÓN DEL TÍTULO | |
| Título | "Amor y humor del teatro" |
| Resto del título | : de Domingo Mihovilovic (Domingo Tessier) / |
| Mención de responsabilidad, etc. | presenta Ernesto Livacic. El Barroco, de Roma al mestizaje americano / conferencia de Leopoldo Castedo. |
| 246 30 - FORMA VARIANTE DEL TITULO | |
| Título propio/Titulo breve | El Barroco |
| Resto del título | : de Roma al mestizaje americano |
| 260 ## - PUBLICACIÓN, DISTRIBUCIÓN, ETC. | |
| Lugar de publicación, distribución, etc. | Santiago (Chile) : |
| Nombre del editor, distribuidor, etc. | Ateneo, [1995] |
| 300 ## - DESCRIPCIÓN FÍSICA | |
| Extensión | 51 p. ; |
| Dimensiones | 18 cm. |
| 594 ## - Nota al título y mención de responsabilidad | |
| Nota al título y mención de responsabilidad | Precede al tít.: Ateneo de Santiago, 5ª Jornada General, 1995. |
| 610 24 - PUNTO DE ACCESO ADICIONAL DE MATERIA--NOMBRE DE ENTIDAD CORPORATIVA | |
| Nombre de entidad corporativa o nombre de jurisdicción como elemento de entrada | Ateneo de Santiago de Chile- |
| Subdivisión de forma | Congresos y asambleas. |
| 9 (RLIN) | 142612 |
| 700 1# - ENTRADA AGREGADA--NOMBRE PERSONAL | |
| Nombre de persona | Livacic Gazzano, Ernesto. |
| 9 (RLIN) | 142540 |
| 700 1# - ENTRADA AGREGADA--NOMBRE PERSONAL | |
| Nombre de persona | Castedo, Leopoldo. |
| 9 (RLIN) | 36455 |
| 710 2# - ENTRADA AGREGADA--NOMBRE DE ENTIDAD CORPORATIVA | |
| Nombre de entidad corporativa o nombre de jurisdicción como elemento de entrada | Ateneo de Santiago de Chile. |
| 9 (RLIN) | 2026 |
| 852 4# - LOCALIZACIÓN | |
| Ubicación | BA |
| Número de control de estantería | 2256-F-29 |
| Estatus retirado | Estado de pérdida | Estado de daño | No para préstamo | Colección | Biblioteca de origen | Biblioteca actual | Ubicación en estantería | Fecha de adquisición | Fuente de adquisición | Total de préstamos | Signatura topográfica completa | Código de barras | Visto por última vez | Precio de reemplazo | Tipo de ítem Koha |
|---|---|---|---|---|---|---|---|---|---|---|---|---|---|---|---|
| Colección de folletos | Biblioteca del Ateneo de Madrid | Biblioteca del Ateneo de Madrid | Depósito folletos | 27/04/2010 | 2256-F-29 | 1183156 | 23/02/2023 | 23/02/2023 | Folleto |
